Bojkot českej produkcie

Podrobná bibliografia
Médium: Článok
Jazyk:slovenčina
Predmet:

MARC

LEADER 00000nab a2200000 a 4500
001 vtls000876433
003 SK-MaSNL
005 20260302162002.0
008 180206c1999 xo 0 slo
015 |a SNBRB2004/06-18877 
035 |a CLN000227985 
040 |a SNKBUCL  |b slo  |c SNKBUCL  |e AACR2 
041 0 |a slo 
044 |a xo  |c SK 
080 |a 94(437.1/.2)(=214.58)"1941/1942"  |2 UDC-MRF-SK2 
080 |a 343.819.5(=214.58)(437.1/.2)"1941/1942"  |2 UDC-MRF-SK2 
080 |a 323.15(=214.58)  |2 UDC-MRF-SK2 
245 0 0 |a Bojkot českej produkcie 
650 0 7 |a Rómovia  |z Lety (Česko)  |2 snkbucl  |9 860888 
650 0 7 |a koncentračné tábory  |z Česko  |y 1941-1942  |2 snkbucl  |9 27692 
650 0 7 |a romiká  |2 snkbucl  |9 72855 
651 7 |a Lety (Česko : koncentračný tábor)  |y 1941-1942  |2 snkbucl  |9 860889 
655 7 |a články z novín a časopisov  |2 snkbucl  |9 267496 
773 0 |t Sam adaj  |q Sme tu  |g Roč. 2, č. 4 (1999), s. 1-2 
850 |a Slovenská národná knižnica v Martine 
852 |a SNK  |b KIS3GCP 
958 |a RBX 
999 |c 1378784  |d 1380714